000
00293nam a2200109Ia 4500
008
171211s9999 xx 000 0 und d
245
_a
Aïkido fondamental
245
_c
Christian Tissier
260
_c
1983
650
_x
Martial Arts
856
_u
http://down.ebook777.com/053/9782901551102.pdf
999
_c
348260
_d
348260